Normal view
MARC view
Entry Personal Name
001 - CONTROL NUMBER
- control field: 14675
003 - CONTROL NUMBER IDENTIFIER
- control field: OSt
005 - DATE AND TIME OF LATEST TRANSACTION
- control field: 20210903154303.0
008 - FIXED-LENGTH DATA ELEMENTS
- fixed length control field: 210903|| aca||aabn | a|a d
040 ## - CATALOGING SOURCE
- Original cataloging agency: OSt
- Transcribing agency: OSt
100 ## - HEADING--PERSONAL NAME
- Personal name: Smith, A. Lee
- Fuller form of name: (Albert Lee),
- Dates associated with a name: 1924-
670 ## - SOURCE DATA FOUND
- Source citation: Work cat.: (OSt)0: Smith, A. Lee (Albert Lee), 1924-, Applied infrared spectroscopy :, c1979.
